Obras completas / (Record no. 17234)

MARC details
000 -LEADER
campo de control de longitud fija 01128nam a2200241 i 4500
001 - NÚMERO DE CONTROL
campo de control 17234
003 - IDENTIFICADOR DE NÚMERO DE CONTROL
campo de control ES-MaACL
005 - FECHA Y HORA DE LA ÚLTIMA TRANSACCIÓN
campo de control 20240927063112.0
007 - CAMPO FIJO DE DESCRIPCIÓN FÍSICA--INFORMACIÓN GENERAL
campo de control de longitud fija t|
008 - DATOS DE LONGITUD FIJA--INFORMACIÓN GENERAL
campo de control de longitud fija 010123m19992000sp ||||0| spa j
020 ## - NÚMERO INTERNACIONAL ESTÁNDAR DEL LIBRO
Número Internacional Estándar del Libro 84-89794-29-4
040 ## - FUENTE DE CATALOGACIÓN
Centro catalogador/agencia de origen M-BN
Lengua de catalogación spa
Centro/agencia transcriptor M-BN
080 ## - NÚMERO DE LA CLASIFICACIÓN DECIMAL UNIVERSAL
Número de la Clasificación Decimal Universal 821.134.2-82"19"
100 0# - ENTRADA PRINCIPAL--NOMBRE DE PERSONA
Nombre de persona Gaya Nuño, Juan Antonio,
Fechas asociadas al nombre 1913-1976
9 (RLIN) 56130
245 10 - MENCIÓN DEL TÍTULO
Título Obras completas /
Mención de responsabilidad, etc. Juan Antonio Gaya Nuño.
260 ## - PUBLICACIÓN, DISTRIBUCIÓN, ETC.
Lugar de publicación, distribución, etc. Madrid :
Nombre del editor, distribuidor, etc. Fundación José Antonio de Castro,
Fecha de publicación, distribución, etc. [1999]-2000.
300 ## - DESCRIPCIÓN FÍSICA
Extensión 2 v. ;
Dimensiones 23 cm.
490 1# - MENCIÓN DE SERIE
Mención de serie Biblioteca Castro
505 8# - NOTA DE CONTENIDO CON FORMATO
Nota de contenido con formato I. Obras publicadas: El santero de San Saturio. Tratado de mendicidad. Historia del cautivo. Los gatos salvajes. La corónica celestias. Etiqueta o uniforme. Los monstruos prestigiosos, I. Robo en el museo. El sistema métrico trinal. II. Obras inéditas: Los trenes. Mi final de la guerra. Cuentos culturales para instruir deleitando. Milagro a la fuerza y demás prodigios. Los monstruos prestigiosos, II. Otros relatos.
830 0# - PUNTO DE ACCESO ADICIONAL DE SERIE-TÍTULO UNIFORME
Título uniforme Biblioteca Castro
9 (RLIN) 178957
852 ## - LOCALIZACIÓN
Ubicación ES-MaACL
Número de control de estantería L-24214-15
Sublocalización o colección R.129303
Holdings
Estatus retirado Estado de pérdida Estado de daño No para préstamo Biblioteca de origen Biblioteca actual Ubicación en estantería Fecha de adquisición Fuente de adquisición Total de préstamos Signatura topográfica completa Código de barras Visto por última vez Precio de reemplazo Tipo de ítem Koha
        Biblioteca del Ateneo de Madrid Biblioteca del Ateneo de Madrid Depósito 2 17/01/2008     L-24214-15 1017581 23/02/2023 23/02/2023 Libro impreso